Rich dad's increase your financial IQ : (Record no. 297718)
[ view plain ]
| 000 -LEADER | |
|---|---|
| fixed length control field | 01613cam a2200361 a 4500 |
| 001 - CONTROL NUMBER | |
| control field | 15035555 |
| 003 - CONTROL NUMBER IDENTIFIER | |
| control field | SISC |
| 005 - DATE AND TIME OF LATEST TRANSACTION | |
| control field | 20160714120336.0 |
| 008 - FIXED-LENGTH DATA ELEMENTS--GENERAL INFORMATION | |
| fixed length control field | 071005s2008 nyua f 000 0 eng |
| 010 ## - LIBRARY OF CONGRESS CONTROL NUMBER | |
| LC control number | 2007041287 |
| 015 ## - NATIONAL BIBLIOGRAPHY NUMBER | |
| National bibliography number | GBA815328 |
| Source | bnb |
| 016 7# - NATIONAL BIBLIOGRAPHIC AGENCY CONTROL NUMBER | |
| Record control number | 014513655 |
| Source | Uk |
| 020 ## - INTERNATIONAL STANDARD BOOK NUMBER | |
| International Standard Book Number | 9781612680668 |
| 035 ## - SYSTEM CONTROL NUMBER | |
| System control number | (OCoLC)ocn174134098 |
| 040 ## - CATALOGING SOURCE | |
| Original cataloging agency | DLC |
| Transcribing agency | DLC |
| Modifying agency | DLC |
| 050 00 - LIBRARY OF CONGRESS CALL NUMBER | |
| Classification number | HG 179 |
| Item number | .K5654 2008 |
| 082 00 - DEWEY DECIMAL CLASSIFICATION NUMBER | |
| Classification number | 332.024/01 |
| 100 1# - MAIN ENTRY--PERSONAL NAME | |
| Personal name | Kiyosaki, Robert T., |
| Dates associated with a name | 1947- |
| 245 10 - TITLE STATEMENT | |
| Title | Rich dad's increase your financial IQ : |
| Remainder of title | get smarter with your money / |
| Statement of responsibility, etc | Robert T. Kiyosaki. |
| 246 30 - VARYING FORM OF TITLE | |
| Title proper/short title | Increase your financial IQ |
| 250 ## - EDITION STATEMENT | |
| Edition statement | 1st ed. |
| 260 ## - PUBLICATION, DISTRIBUTION, ETC. (IMPRINT) | |
| Place of publication, distribution, etc | AZ, USA : |
| Name of publisher, distributor, etc | Plata Publishing, |
| Date of publication, distribution, etc | 2013. |
| 300 ## - PHYSICAL DESCRIPTION | |
| Extent | xviii, 318 p. : |
| Other physical details | ill. ; |
| Dimensions | 18 cm. |
| 490 1# - SERIES STATEMENT | |
| Series statement | Rich dad |
| 520 ## - SUMMARY, ETC. | |
| Summary, etc | Emphasizes the importance of financial intelligence to good money management and describes how to improve financial information and increase, protect, budget, and leverage money. |
| 650 #0 - SUBJECT ADDED ENTRY--TOPICAL TERM | |
| Topical term or geographic name as entry element | Finance, Personal |
| Form subdivision | Handbooks, manuals, etc. |
| 800 1# - SERIES ADDED ENTRY--PERSONAL NAME | |
| Personal name | Kiyosaki, Robert T., |
| Dates associated with a name | 1947- |
| Title of a work | Rich dad series. |
| 856 42 - ELECTRONIC LOCATION AND ACCESS | |
| Materials specified | Contributor biographical information |
| Uniform Resource Identifier | <a href="http://www.loc.gov/catdir/enhancements/fy1005/2007041287-b.html">http://www.loc.gov/catdir/enhancements/fy1005/2007041287-b.html</a> |
| 856 42 - ELECTRONIC LOCATION AND ACCESS | |
| Materials specified | Publisher description |
| Uniform Resource Identifier | <a href="http://www.loc.gov/catdir/enhancements/fy1005/2007041287-d.html">http://www.loc.gov/catdir/enhancements/fy1005/2007041287-d.html</a> |
| 906 ## - LOCAL DATA ELEMENT F, LDF (RLIN) | |
| a | 7 |
| b | cbc |
| c | orignew |
| d | 1 |
| e | ecip |
| f | 20 |
| g | y-gencatlg |
| 942 ## - ADDED ENTRY ELEMENTS (KOHA) | |
| Source of classification or shelving scheme | Library of Congress Classification |
| Koha item type | Books |
| Withdrawn status | Lost status | Source of classification or shelving scheme | Damaged status | Home library | Current library | Shelving location | Date acquired | Source of acquisition | Sub Shelving location | Total Checkouts | Total Renewals | Full call number | Barcode | Date last seen | Date checked out | Price effective from | Koha item type |
|---|---|---|---|---|---|---|---|---|---|---|---|---|---|---|---|---|---|
| Library of Congress Classification | Luxembourg Library | Luxembourg Library | High School Section | 07/14/2016 | Donation | 3 | 1 | HG 179 .K5654 2008 | 20276 | 10/30/2024 | 10/19/2024 | 07/14/2016 | Books |